[Event "Stay Safe Play From Home 313"]
[Site "Emanuel Lasker Arena"]
[Date "2020.07.19"]
[Round "6"]
[White "Buzaglo"]
[Black "AChessPlayer"]
[Result "0-1"]
[WhiteElo "1886"]
[BlackElo "2402"]
[Annotator "TA"]
[PlyCount "70"]
[EventDate "2020.07.19"]
[EventType "swiss (blitz)"]

{[%evp 19,70,-15,-9,-10,-19,-35,-35,-73,-33,-45,-43,-113,-70,-116,-126,-125,-117,-252,-249,-292,-302,-615,-629,-691,-685,-775,-770,-823,-841,-836,-835,-820,-813,-873,-860,-825,-754,-787,-741,-888,-865,-857,-857,-29976,-29974,-29982,-29983,-29988,-29989,-29991,-29992,-29994,-29995]} 1. d4 Nf6 2. Nf3 e6 3. g3 d5 4. Bg2 Be7 5. O-O O-O 6. Nbd2 c5 7. c4 Nc6 8. cxd5 exd5 9. dxc5 Bxc5 10. Nb3 Bb6 11. Bg5 {D30: Queen's Gambit Declined: Systems without Nc3.} h6 12. Bf4 Re8 13. Nbd4 {[#] Black is slightly better.} Bg4 $146 ({Predecessor:} 13... Ne4 14. Be3 Bg4 15. Qd3 Qd7 16. Rac1 Rad8 17. Nxc6 bxc6 18. Bxb6 axb6 19. Rfd1 c5 {0-1 (60) Dornbusch,T (2224)-Bezgodova,S (2225) Vladimir 2008}) 14. Nxc6 bxc6 15. Qc2 (15. Ne5 $15) 15... Rc8 16. a4 Ne4 17. a5 Bxa5 18. Qa4 (18. Ne5 $17 {might work better.} Bf5 19. Nxc6) 18... Bb6 $19 19. Nd4 Bd7 20. Qc2 $2 {[#]} (20. Qd1) 20... Bxd4 21. Rad1 Bb6 22. b4 Qf6 23. Bxe4 Rxe4 24. Be3 Rxe3 25. fxe3 Bxe3+ 26. Kg2 Qe6 27. Rf3 Qh3+ 28. Kh1 Bb6 29. g4 Qxg4 30. Rg3 Qh5 {Strongly threatening ...Bf5.} 31. Qd3 Bf5 {Black mates.} 32. Qf3 {[#]} Be4 $1 {[%mdl 64] Pin} 33. Rf1 Re8 34. Qxe4 Rxe4 35. Rff3 Rxe2 {Black took control after the opening. Accuracy: White = 27%, Black = 84%.} 0-1

[Event "Stay Safe Play From Home 313"]
[Site "Emanuel Lasker Arena"]
[Date "2020.07.19"]
[Round "6"]
[White "Trotsky"]
[Black "Justwatch"]
[Result "0-1"]
[WhiteElo "1610"]
[BlackElo "1585"]
[Annotator "NA"]
[PlyCount "52"]
[EventDate "2020.07.19"]
[EventType "swiss (blitz)"]

1. d4 {[%emt 0:00:01]} Nf6 {[%emt 0:00:00]} 2. e3 {[%emt 0:00:00]} g6 {[%emt 0:00:00]} 3. c4 {[%emt 0:00:01]} Bg7 {[%emt 0:00:00]} 4. Nc3 {[%emt 0:00:01]} O-O {[%emt 0:00:00]} 5. Bd3 {[%emt 0:00:02]} d6 {[%emt 0:00:00]} 6. Qc2 {[%emt 0:00:01]} Bg4 {[%emt 0:00:00]} 7. f3 {[%emt 0:00:01]} Bd7 {[%emt 0:00:01]} 8. g4 {[%emt 0:00:01]} Nc6 {[%emt 0:00:00]} 9. a3 {[%emt 0:00:01]} e6 {[%emt 0:00:01]} 10. Bd2 {[%emt 0:00:01]} a6 {[%emt 0:00:01]} 11. h4 {[%emt 0:00:01]} Ne7 {[%emt 0:00:01]} 12. Nh3 {[%emt 0:00:01]} e5 {[%emt 0:00:01]} 13. Ng5 {[%emt 0:00:02]} exd4 {[%emt 0:00:01]} 14. exd4 {[%emt 0:00:01]} Nc6 {[%emt 0:00:01]} 15. Be3 {[%emt 0:00:03]} Nxg4 {[%emt 0:00:02]} 16. h5 {[%emt 0:00:07]} Nxe3 {[%emt 0:00:02]} 17. Qd2 {[%emt 0:00:02]} Bxd4 {[%emt 0:00:01]} 18. Nce4 {[%emt 0:00:04]} f5 {[%emt 0:00:01]} 19. hxg6 {[%emt 0:00:03]} hxg6 {[%emt 0:00:01]} 20. Rh7 {[%emt 0:00:03]} fxe4 {[%emt 0:00:02]} 21. Bxe4 {[%emt 0:00:02]} Qxg5 {[%emt 0:00:01]} 22. Qd3 {[%emt 0:00:02]} Qg1+ {[%emt 0:00:04]} 23. Kd2 {[%emt 0:00:04]} Qg2+ {[%emt 0:00:01]} 24. Ke1 {[%emt 0:00:03]} Bf5 {[%emt 0:00:03]} 25. Bxf5 {[%emt 0:00:07]} gxf5 {[%emt 0:00:00]} 26. Qe2 {[%emt 0:00:08]} Qxe2+ {[%emt 0:00:03] ' Âðåìÿ (Lag: Av=0.47s, max=0.8s)} 0-1

[Event "Stay Safe Play From Home 313"]
[Site "Emanuel Lasker Arena"]
[Date "2020.07.19"]
[Round "7"]
[White "SoulofWolf"]
[Black "Trotsky"]
[Result "1-0"]
[WhiteElo "2187"]
[BlackElo "1592"]
[Annotator "TA"]
[PlyCount "71"]
[EventDate "2020.07.19"]
[EventType "swiss (blitz)"]

{[%evp 9,71,-32,53,29,62,61,86,6,17,9,34,27,241,16,207,24,201,135,270,95,109,89,222,83,120,114,59,-284,-123,-147,264,-197,-198,-570,388,394,557,556,548,558,525,417,445,436,692,524,561,503,947,946,880,651,650,646,610,624,605,591,1166,947,940,940,786,785]} 1. d4 d5 2. Nf3 e6 3. c4 c5 4. Nc3 Nc6 5. g3 a6 (5... dxc4 $15 6. e3 a6) 6. Bg2 {D32: Tarrasch Defence: Sidelines and lines without g3.} Nf6 7. cxd5 exd5 8. dxc5 (8. Bg5 $16) 8... Bxc5 $11 9. O-O Be6 10. Bg5 {[#]} Qc7 $146 (10... O-O $11) ({Predecessor:} 10... d4 11. Bxf6 Qxf6 12. Ne4 Qe7 13. Nxc5 Qxc5 14. Rc1 Qb6 15. Ng5 Bxa2 16. Qa4 Bb3 {1-0 (33) Yaksin,O (2258)-Kleinert,J (2060) Dresden 2007}) 11. Re1 $2 ({White has to play} 11. Bxf6 $1 $18 gxf6 12. Nxd5 {[%mdl 64] Double Attack}) 11... O-O-O $2 (11... Ne4 $11 {and Black has nothing to worry.} 12. e3 Bb4) 12. a3 $2 ({Better is} 12. Na4 $1 $18 {[%cal Ra4c5]} Bb4 13. Bf4) 12... Bd6 $2 (12... Qb6 $6 13. e3 $16) (12... Ne4 $1 $11 {and Black is okay.} 13. Rf1 Qb6) 13. Qc2 Ng4 (13... h6 $16 {might work better.}) 14. Rac1 $2 (14. e4 $18 {has better winning chances.} Bc5 15. Bxd8 (15. exd5 Bxf2+ 16. Kh1 Bxe1 $11) 15... Rxd8 16. Re2 (16. exd5 Bxf2+ 17. Kh1 Bxe1 $11)) 14... f6 $16 15. Bd2 h5 (15... Kb8 $16) 16. Na4 (16. Nxd5 $2 Bxd5 17. Qf5+ Kb8 $19) (16. e4 $1 $18 {[%cal Re4d5] is the precise move to win.} dxe4 17. Nxe4) 16... h4 {[%cal Rh4g3]} 17. Nc5 $36 {[%mdl 2048] White is on the roll.} hxg3 18. Nxe6 $4 {[%mdl 8192]} (18. hxg3 $14 {keeps the upper hand.} Qb6 19. Ba5 Qxc5 20. Qxc5 Bxc5 21. Rxc5) 18... gxf2+ (18... Qb6 $1 $19 {[%cal Rg3h2] is more deadly.} 19. e3 (19. Rf1 $2 gxf2+ 20. Kh1 Nxh2 $19) 19... gxf2+ 20. Kf1 fxe1=N 21. Rxe1 Rd7) 19. Kf1 $17 Nxh2+ $2 {[%mdl 8192]} (19... fxe1=Q+ $17 20. Kxe1 Qb6) 20. Kxf2 $4 {[%mdl 8192]} (20. Nxh2 $18 {was the only winning move.} fxe1=N 21. Bxe1) 20... Bg3+ $19 21. Kg1 $2 {[#]} (21. Ke3 {nothing else works.} Rde8 22. Qf5) 21... Nxf3+ $4 {[%mdl 8192]} (21... Bf2+ $1 $19 {[%mdl 512] avoids the disaster.} 22. Kxf2 Ng4+ 23. Kg1 (23. Kf1 $2 Qg3 $19) 23... Qg3 24. Qxc6+ bxc6 25. Rxc6+ Kd7) 22. exf3 $18 Bh2+ (22... Qb6+ $142 23. Be3 d4) 23. Kf1 Qb6 24. Be3 d4 25. Bf2 Kb8 26. Nxd8 {White is clearly winning.} Qxd8 (26... Rxd8 $142 27. Rcd1 Be5) 27. Qe4 Qc7 28. Red1 Bd6 (28... Qf4 $142 29. Qd3 Bg3 30. Bxg3 Qxg3 31. Rxc6 {[%mdl 64] Deflection} bxc6 32. Qxa6 Rh2 33. Qb6+ Kc8 34. Qxc6+ Kb8 35. Qb6+ {[%mdl 64] Double Attack} Kc8) 29. Rxd4 g5 30. Rdc4 {[%cal Rc4c6] Rxc6 is the strong threat.} Qh7 31. Rxc6 Qxe4 32. fxe4 bxc6 33. Rxc6 {[%mdl 64] Double Attack} Rc8 34. Rxc8+ Kxc8 35. Bd4 Kd7 36. Bxf6 {Accuracy: White = 29%, Black = 16%.} 1-0

[Event "Stay Safe Play From Home 313"]
[Site "Emanuel Lasker Arena"]
[Date "2020.07.19"]
[Round "7"]
[White "Bardellosport"]
[Black "Haxhi Baha"]
[Result "0-1"]
[WhiteElo "2055"]
[BlackElo "1990"]
[Annotator "TA"]
[PlyCount "50"]
[EventDate "2020.07.19"]
[EventType "swiss (blitz)"]

{[%evp 9,49,37,28,12,42,29,50,37,47,25,63,19,88,89,116,100,122,69,98,38,41,23,126,-342,-234,-1006,-1001,-1001,-962,-1185,-950,-1420,-1184,-1278,-1279,-6425,-3731,-29997,-29998,-29998,-29999,-29999]} 1. d4 d5 2. e3 e6 3. f4 f6 4. Nf3 Bd6 {[#]} 5. Bd3 $146 ({Predecessor:} 5. Be2 Nc6 6. O-O Nge7 7. c3 O-O 8. Nbd2 Nf5 9. Nb3 b6 10. Bd2 Re8 11. Qe1 {½-½ (37) Bester,K (668)-Cherry,B (720) LSS email 2012}) 5... Ne7 6. Qe2 {D00: 1 d4 d5: Unusual lines.} f5 7. Ne5 Bxe5 8. dxe5 {White is slightly better.} Nbc6 9. O-O O-O 10. c4 Ng6 (10... Nb4 $11 {remains equal.}) 11. cxd5 exd5 12. Nc3 Be6 13. h3 ({White should play} 13. Rd1 $16) 13... a6 14. Rf2 (14. Rd1 $16) 14... Nb4 $14 15. Kh2 d4 (15... c5 $11) 16. e4 $2 {[%mdl 8192] [#] This costs White the game.} (16. Bc4 $16 {and life is bright.} Qd7 17. exd4) 16... dxc3 17. bxc3 $2 (17. Bc4 Qd7 18. bxc3) 17... Nxd3 $19 18. Rf1 fxe4 19. Be3 Bd5 20. g4 Qh4 21. f5 Ngxe5 22. Bf4 Nf3+ 23. Kg2 Nxf4+ {Black mates.} 24. Kh1 Qxh3+ 25. Qh2 Qxh2# {Accuracy: White = 39%, Black = 33%.} 0-1

[Event "Stay Safe Play From Home 313"]
[Site "Emanuel Lasker Arena"]
[Date "2020.07.19"]
[Round "7"]
[White "Tumnik_ad"]
[Black "AChessPlayer"]
[Result "1-0"]
[WhiteElo "1924"]
[BlackElo "2404"]
[Annotator "TA"]
[PlyCount "73"]
[EventDate "2020.07.19"]
[EventType "swiss (blitz)"]

{[%evp 9,73,-35,-23,-27,-18,-20,-31,-29,-26,-36,-27,-43,-30,-15,8,-50,-61,-154,-156,-209,-84,-118,-108,-175,-40,-128,-133,-141,-96,-152,0,-150,-95,-187,-189,-163,256,-286,338,337,382,356,349,-555,-67,-942,-958,-840,-565,-562,-262,-843,-518,-928,-904,-837,-421,-292,1823,1765,1693,1470,29995,29996,29999,29978]} 1. c3 d6 2. d3 g6 3. Nd2 Bg7 {[#]} 4. h3 $146 ({Predecessor:} 4. e4 c5 5. f4 Nc6 6. a4 e6 7. g3 Nge7 8. Bg2 O-O 9. Ngf3 Rb8 10. O-O a6 11. g4 f5 12. gxf5 exf5 13. Qb3+ Kh8 14. Ng5 fxe4 15. dxe4 d5 16. exd5 Na5 17. Qa2 h6 18. Ne6 Bxe6 19. dxe6 Qd3 20. Be4 Qe3+ 21. Kg2 Rbd8 {0-1 (21) Krakops,M (2510)-Demidov,M (2546) Riga 2019}) 4... Nf6 5. g4 O-O 6. Bg2 {A00: Irregular Openings.} e5 7. Nf1 c6 8. Ng3 {Black is slightly better.} d5 9. g5 Ne8 10. h4 Nd6 11. h5 f5 {Hoping for ...f4.} 12. hxg6 (12. gxf6 $11 Qxf6 13. Nf3) 12... hxg6 $15 13. e4 (13. f4 $15) 13... f4 $1 $17 {[%cal Rf4g3]} 14. N3e2 (14. Nf1 $17) 14... Bg4 (14... dxe4 $19 {and Black stays clearly on top.} 15. dxe4 Na6) 15. f3 Be6 16. Nh3 (16. Bh3 $17 Bf7 17. Bg4) 16... Qd7 (16... dxe4 $19 {White must now prevent ...e3.} 17. dxe4 Qe7) 17. Neg1 (17. d4 $15) 17... Na6 $36 {[%mdl 2048] Black is really pushing.} 18. Qe2 Nc7 19. Qf2 (19. Bd2 $142) 19... d4 $2 (19... Rad8 $17 {Threatens to win with ...a5.} 20. Qe2 dxe4 21. fxe4 Nf7) 20. c4 ({White must play} 20. cxd4 $11 Ndb5 21. dxe5 Bxe5 22. Qh4) 20... c5 {[#]} ({Black should play} 20... Na6 21. b3 Kf7) 21. Qh4 (21. Nxf4 $1 $17 {[%mdl 512]} exf4 22. Ne2) 21... b5 22. Nxf4 Kf7 $4 {[%mdl 8192] [#]} ({Weaker is} 22... Rxf4 23. Bxf4 exf4 24. Ne2 $11) (22... exf4 $19 23. Qh7+ Kf7) 23. Qh7 $4 {[%mdl 8192]} (23. Nxg6 $1 $18 {[%mdl 512] was the only winning move.} Rh8 (23... Kxg6 24. Qh5#) 24. Nxh8+ Rxh8 25. g6+ Kg8 26. Qg5 Rxh1 27. Bxh1) 23... Rh8 $4 {[%mdl 8192]} (23... exf4 $19 24. Rh6 Ke8 25. Qxg6+ Qf7 26. Qxf7+ Kxf7 27. Bxf4 Bxh6 28. gxh6 Rad8 29. cxb5 Kg6) 24. Qxg6+ $18 Kg8 25. Rxh8+ Kxh8 26. Bd2 $4 {[%mdl 8192] [#]} (26. Nxe6 $18 Nxe6 27. Bh3) 26... exf4 $2 (26... Bf7 $1 $19 27. Bh3 Qd8) 27. Ne2 $2 {[%mdl 8192]} (27. Qh5+ $15 Kg8 28. b3) 27... Bf7 $19 28. Bh3 Qxh3 ({Less strong is} 28... Bxg6 29. Bxd7 bxc4 30. Rc1 $15) 29. Qxd6 Ne6 (29... Qh4+ $142 30. Kf1 Ne6) 30. Nxf4 $2 (30. O-O-O bxc4 31. g6 Bxg6 32. Ng1) 30... Qh1+ 31. Ke2 (31. Kf2 $142 Qh2+ 32. Kf1 Nxf4 33. Qxf4 Qh1+ 34. Kf2 Qxa1 {[%mdl 64] Double Attack} 35. Qxf7) 31... Nxf4+ 32. Qxf4 Qxa1 33. Qxf7 {Qh5+ is the strong threat.} Rf8 $4 {[%mdl 8192]} ({Don't blunder} 33... Qxa2 $2 34. Qh5+ Kg8 35. g6 $18) (33... Qh1 $19 34. Qd5 Rf8) 34. Qh5+ $18 Kg8 35. g6 {[%csl Gg6][%cal Rh5h7]} Rf6 36. Qd5+ Kf8 37. Qxc5+ {White used his chance. Accuracy: White = 31%, Black = 31%.} 1-0

[Event "Stay Safe Play From Home 313"]
[Site "Emanuel Lasker Arena"]
[Date "2020.07.19"]
[Round "7"]
[White "NeatFox"]
[Black "Rogan"]
[Result "0-1"]
[WhiteElo "1873"]
[BlackElo "2203"]
[Annotator "TA"]
[PlyCount "56"]
[EventDate "2020.07.19"]
[EventType "swiss (blitz)"]

{[%evp 9,55,-127,-46,-81,-78,-85,-77,-77,-74,-97,-42,-52,-55,-148,-147,-343,-325,-320,-337,-819,-813,-785,-795,-820,-824,-889,-875,-902,-895,-968,-921,-1439,-1433,-29995,-1348,-1593,-1581,-29973,-29974,-29991,-6341,-29992,-1653,-29997,-29998,-29999,-29999,-29999]} 1. g4 d5 2. Bg2 c6 3. c4 Nf6 4. cxd5 Nxd5 {[#]} 5. Qb3 $146 ({Predecessor:} 5. h3 g6 6. d4 Qa5+ 7. Kf1 Bg7 8. Nf3 h6 9. e4 Nf6 10. Nc3 Be6 11. Be3 {0-1 (40) Hughes,G (1849)-Modi,K (1725) Llandudno 2017}) 5... Qb6 (5... e5 $17 6. Nc3 Nf4) 6. Bxd5 {A00: Irregular Openings.} cxd5 7. Qxb6 axb6 8. Nc3 {Black is better.} e6 9. d4 Bb4 (9... Bd7 $17) 10. Bd2 Nc6 {[%cal Bb8c6,Bc6d4,Bd4c2][%mdl 32]} 11. a3 ({White should try} 11. Nf3 $15) 11... Nxd4 $17 {[#] ...Bxc3 is the strong threat.} 12. Nf3 $2 {Now White is beyond hope.} (12. Rd1 $17 Bc5 13. Bf4) 12... Nc2+ $19 13. Kd1 Nxa1 14. Kc1 $2 (14. axb4 Nb3 15. Kc2 Nxd2 16. Nxd2) 14... Nb3+ 15. Kc2 Nxd2 16. Nxd2 Bxc3 17. bxc3 Bd7 18. Ra1 Ke7 19. Kd3 Rhc8 20. Ke3 Rxc3+ 21. Kf4 Raxa3 (21... Ra4+ $142 22. Nc4 Raxc4+ 23. e4 {[#]} e5+ $1 {[%mdl 576] Decoy} 24. Kxe5 Rxe4+ {[%mdl 64] Double Attack} 25. Kxd5 Bc6#) 22. Rxa3 Rxa3 23. e4 f6 {[%csl Gf6][%cal Rg7g5]} 24. exd5 e5+ 25. Ke4 g6 (25... Ba4 $142 26. Nb3 Rxb3 27. f4 Kd6 28. g5 Rh3 29. fxe5+ fxe5 30. Kf5 Kxd5 31. g6 Bd7+ 32. Kg5 h6#) 26. d6+ Ke6 {[%cal Rd7c6] Black mates.} 27. Nc4 f5+ 28. gxf5+ gxf5# 0-1

[Event "Stay Safe Play From Home 313"]
[Site "Emanuel Lasker Arena"]
[Date "2020.07.19"]
[Round "7"]
[White "Justwatch"]
[Black "Buzaglo"]
[Result "1-0"]
[WhiteElo "1604"]
[BlackElo "1885"]
[Annotator "NA RC"]
[PlyCount "133"]
[EventDate "2020.07.19"]
[EventType "swiss (blitz)"]

1. e4 {[%emt 0:00:01]} e5 {[%emt 0:00:01]} 2. Bc4 {[%emt 0:00:08]} d6 {[%emt 0:00:00]} 3. Qh5 {[%emt 0:00:02]} Nh6 {[%emt 0:00:03]} 4. d3 {[%emt 0:00:01]} Qf6 {[%emt 0:00:02]} 5. Bxh6 {[%emt 0:00:02]} gxh6 {[%emt 0:00:00]} 6. Nf3 {[%emt 0:00:01]} Rg8 {[%emt 0:00:03]} 7. Nc3 {[%emt 0:00:03]} Bg4 {[%emt 0:00:01]} 8. Nd5 {[%emt 0:00:02]} Qg6 {[%emt 0:00:12]} 9. Qxg6 {[%emt 0:00:02]} Rxg6 {[%emt 0:00:02]} 10. Nxc7+ {[%emt 0:00:00]} Kd7 {[%emt 0:00:00]} 11. Nxa8 {[%emt 0:00:02]} Rf6 {[%emt 0:00:01]} 12. Bd5 {[%emt 0:00:01]} Nc6 {[%emt 0:00:03]} 13. Bxc6+ {[%emt 0:00:01]} Kxc6 {[%emt 0:00:00]} 14. Nd2 {[%emt 0:00:02]} Be7 {[%emt 0:00:04]} 15. O-O {[%emt 0:00:02]} b6 {[%emt 0:00:01]} 16. Nc4 {[%emt 0:00:02]} Kb7 {[%emt 0:00:01]} 17. a4 {[%emt 0:00:02]} Kxa8 {[%emt 0:00:01]} 18. a5 {[%emt 0:00:00]} bxa5 {[%emt 0:00:01]} 19. Nxa5 {[%emt 0:00:01]} Kb8 {[%emt 0:00:01]} 20. Nc6+ {[%emt 0:00:01]} Kc7 {[%emt 0:00:01]} 21. Nxe7 {[%emt 0:00:00]} d5 {[%emt 0:00:01]} 22. Nxd5+ {[%emt 0:00:01]} Kd6 {[%emt 0:00:01]} 23. Nxf6 {[%emt 0:00:00]} Be6 {[%emt 0:00:01]} 24. Rxa7 {[%emt 0:00:02]} Kc5 {[%emt 0:00:00]} 25. Ra5+ {[%emt 0:00:01]} Kb4 {[%emt 0:00:01]} 26. Rxe5 {[%emt 0:00:01]} h5 {[%emt 0:00:01]} 27. Rxe6 {[%emt 0:00:01]} h4 {[%emt 0:00:00]} 28. Nxh7 {[%emt 0:00:01]} fxe6 {[%emt 0:00:01]} 29. Ng5 {[%emt 0:00:01]} e5 {[%emt 0:00:00]} 30. Nf7 {[%emt 0:00:01]} Kc5 {[%emt 0:00:00]} 31. Nxe5 {[%emt 0:00:00]} Kd6 {[%emt 0:00:00]} 32. Ng6 {[%emt 0:00:00]} Ke6 {[%emt 0:00:00]} 33. Nxh4 {[%emt 0:00:00]} Kf6 {[%emt 0:00:00]} 34. Nf3 {[%emt 0:00:00]} Ke6 {[%emt 0:00:01]} 35. d4 {[%emt 0:00:00]} Kd6 {[%emt 0:00:00]} 36. c4 {[%emt 0:00:00]} Kc6 {[%emt 0:00:01]} 37. b4 {[%emt 0:00:00]} Kd6 {[%emt 0:00:00]} 38. Nd2 {[%emt 0:00:00]} Ke6 {[%emt 0:00:00]} 39. f4 {[%emt 0:00:00]} Kd6 {[%emt 0:00:00]} 40. g4 {[%emt 0:00:00]} Kc6 {[%emt 0:00:00]} 41. h4 {[%emt 0:00:00]} Kd6 {[%emt 0:00:00]} 42. h5 {[%emt 0:00:00]} Ke6 {[%emt 0:00:00]} 43. g5 {[%emt 0:00:00]} Kf7 {[%emt 0:00:01]} 44. f5 {[%emt 0:00:00]} Kg7 {[%emt 0:00:00]} 45. e5 {[%emt 0:00:00]} Kf7 {[%emt 0:00:00]} 46. d5 {[%emt 0:00:00]} Ke7 {[%emt 0:00:00]} 47. c5 {[%emt 0:00:00]} Kf7 {[%emt 0:00:00]} 48. b5 {[%emt 0:00:00]} Ke7 {[%emt 0:00:00]} 49. Kf2 {[%emt 0:00:00]} Kd7 {[%emt 0:00:00]} 50. Kf3 {[%emt 0:00:00]} Kc7 {[%emt 0:00:00]} 51. Ke4 {[%emt 0:00:00]} Kd7 {[%emt 0:00:00]} 52. Nf3 {[%emt 0:00:00]} Kc7 {[%emt 0:00:00]} 53. Nd4 {[%emt 0:00:00]} Kd7 {[%emt 0:00:00]} 54. Ra1 {[%emt 0:00:00]} Ke7 {[%emt 0:00:00]} 55. Ra6 {[%emt 0:00:00]} Kd7 {[%emt 0:00:00]} 56. b6 {[%emt 0:00:00]} Kc8 {[%emt 0:00:01]} 57. c6 {[%emt 0:00:00]} Kb8 {[%emt 0:00:01]} 58. d6 {[%emt 0:00:00]} Kc8 {[%emt 0:00:01]} 59. e6 {[%emt 0:00:00]} Kb8 {[%emt 0:00:00]} 60. f6 {[%emt 0:00:00]} Kc8 {[%emt 0:00:00]} 61. g6 {[%emt 0:00:00]} Kb8 {[%emt 0:00:00]} 62. h6 {[%emt 0:00:00]} Kc8 {[%emt 0:00:00]} 63. h7 {[%emt 0:00:00]} Kd8 {[%emt 0:00:00]} 64. g7 {[%emt 0:00:00]} Kc8 {[%emt 0:00:00]} 65. f7 {[%emt 0:00:00]} Kb8 {[%emt 0:00:00]} 66. e7 {[%emt 0:00:00]} Kc8 {[%emt 0:00:00]} 67. h8=Q# {[%emt 0:00:00] (Lag: Av=0.52s, max=1.1s)} 1-0

[Event "Stay Safe Play From Home 313"]
[Site "Emanuel Lasker Arena"]
[Date "2020.07.19"]
[Round "8"]
[White "AChessPlayer"]
[Black "Justwatch"]
[Result "1-0"]
[WhiteElo "2372"]
[BlackElo "1632"]
[Annotator "TA"]
[PlyCount "95"]
[EventDate "2020.07.19"]
[EventType "swiss (blitz)"]

{[%evp 9,94,16,45,0,64,50,71,58,50,-22,-22,-22,-25,-21,18,11,15,28,39,29,80,28,160,65,106,85,119,0,0,-300,-104,-100,-96,-102,-29,-30,-30,-43,-15,-9,89,-29,-29,-114,-94,-80,260,-80,263,0,712,701,1025,1001,1665,1666,1484,1260,1435,1347,1981,2010,1875,1812,1622,1749,1756,1820,2632,2493,1756,1471,4698,2401,2872,2341,29992,29993,29994,29995,29997,29997,29997,29997,29998,29999,29999]} 1. Nf3 Nf6 2. d3 d5 3. c4 {[#]} Bg4 $146 ({Predecessor:} 3... c6 4. Qa4 Bg4 5. Nbd2 Nbd7 6. h3 Bxf3 7. Nxf3 e6 8. g4 Bd6 9. g5 Ng8 10. cxd5 exd5 {½-½ (64) Indjic,A (2618)-Kobalia,M (2614) chess.com INT 2020}) 4. cxd5 Bxf3 5. gxf3 Qxd5 6. e4 {A06: Réti Opening: 1 Nf3 d5.} (6. Nc3 $5 {[%cal Rc3d5]} Qd7 7. Qb3 $11) 6... Qd4 (6... Qa5+ $11 7. Bd2 Qb6) 7. Nc3 Nc6 8. Be3 {White is better.} Qb4 9. Qb3 (9. d4 $14 Qxb2 10. Nb5) 9... Qxb3 $11 10. axb3 e6 11. d4 Bb4 12. Bb5 O-O 13. Bxc6 bxc6 14. Ke2 Nd7 (14... Rfb8 $11 {keeps the balance.}) 15. Na4 (15. Rhc1 $16) 15... Ba5 (15... a5 $11) 16. Rac1 (16. Nc5 $16 Nxc5 17. dxc5 (17. Rxa5 Nxb3 18. Ra6 f5 $11)) 16... c5 17. dxc5 Ne5 18. f4 (18. c6 $16 Ng6 19. h4) 18... Nc6 $1 19. Bd2 $2 {[%mdl 8192]} (19. Nb6 $11 {and White stays safe.} axb6 20. cxb6) 19... Bxd2 $2 (19... Nd4+ $19 20. Ke3 Bxd2+ 21. Kxd2 Nxb3+ {[%mdl 64] Double Attack} 22. Ke3 Nxc1 23. Rxc1 Rfb8) 20. Kxd2 $17 Rab8 21. Rc3 Nd4 (21... Rfd8+ $17 22. Rd3 Rxd3+ 23. Kxd3 Rxb3+ 24. Kc2 Nd4+ 25. Kb1 Rd3) 22. Ke3 Nxb3 23. Rd1 Na5 24. c6 g6 (24... Rb4 $11 25. Nc5 Rxb2) 25. f3 ({Better is} 25. Nc5 $16 {Threatens to win with Nd7.} Rxb2 26. Rd7) 25... Rb4 $11 26. Rd4 (26. Ra1 $11 {remains equal.}) 26... Rxd4 27. Kxd4 $17 {[%mdl 4096] Endgame [#] aiming for b4. KRN-KRN} Rd8+ $2 {[%mdl 8192] [#]} (27... Rb8 $1 $17 {keeps the pressure on.} 28. Ra3 Nxc6+ 29. Kc5 Nb4) 28. Ke5 $2 ({Only move:} 28. Kc5 $1 $18) 28... Rd1 $2 {[%mdl 8192]} (28... Rd6 $17 {and life is bright.} 29. f5 Nxc6+ 30. Kf4 exf5 31. exf5 Rf6) 29. Kf6 $2 (29. b4 $18) 29... Rd8 $2 {[%mdl 8192]} (29... Rd6 $11) 30. b4 $18 {[%cal Bb2b4,Bb4a5][%mdl 32]} Rd4 31. bxa5 Rxa4 {KR-KR} 32. Rd3 {[%cal Rd3d8]} h5 33. Rd8+ Kh7 34. Rd7 Rxa5 35. Rxf7+ Kh6 36. Rxc7 Rc5 37. e5 a5 38. Kxe6 a4 39. Kd6 Rc3 40. Rb7 a3 41. Ra7 Rxf3 42. c7 Rxf4 43. c8=Q {White mates.} Rd4+ 44. Ke6 Rg4 45. Qh8+ Kg5 46. Qf6+ Kh6 47. Ra8 {[%cal Ra8h8]} h4 48. Rh8# {Never resign too early! Accuracy: White = 56%, Black = 29%.} 1-0

[Event "Stay Safe Play From Home 313"]
[Site "Emanuel Lasker Arena"]
[Date "2020.07.19"]
[Round "8"]
[White "Rogan"]
[Black "Tumnik_ad"]
[Result "1-0"]
[WhiteElo "2207"]
[BlackElo "1956"]
[Annotator "TA"]
[PlyCount "63"]
[EventDate "2020.07.19"]
[EventType "swiss (blitz)"]

{[%evp 9,62,23,33,25,43,33,75,78,112,27,43,27,79,58,86,83,93,72,66,64,128,121,154,51,70,54,199,196,890,870,969,938,969,989,1572,958,1474,1440,1990,1311,1532,1473,1725,1148,2552,2562,2443,2448,2281,2251,29997,29998,29998,29999,29999]} 1. d4 c6 2. c3 d6 3. Nf3 Nd7 4. Bg5 h6 5. Bh4 {[#]} g5 $146 ({Predecessor:} 5... Qb6 6. Qb3 f5 7. e3 g5 8. Bg3 Ngf6 9. Bd3 Qxb3 10. axb3 Ne4 11. Nbd2 Ndf6 {0-1 (43) Mendez,G (2235)-Szmetan,J (2415) Buenos Aires 1993}) 6. Bg3 {A40: Unusual replies to 1 d4.} Bg7 7. e3 Nf8 8. Bd3 {White is better.} Ng6 9. Bxg6 (9. h4 $16) 9... fxg6 $11 10. Qc2 Bf5 (10... Kf7 $11 {remains equal.}) 11. e4 $16 Bg4 12. Nbd2 $36 {[%mdl 2048] White is on the roll.} Nf6 13. e5 Bf5 14. Qb3 Ne4 (14... Nh5 $14) 15. Nxe4 ({Much less strong is} 15. Qxb7 O-O $14) 15... Bxe4 16. Qxb7 (16. exd6 $16 {Black must now prevent 0-0.} Bd5 17. Qxb7) 16... Rb8 $14 17. Qxa7 {aiming for exd6.} Rxb2 {[#] Loses the game.} ({Better is} 17... O-O $14) 18. exd6 $1 $18 O-O $2 (18... Bxf3 19. gxf3 Qd7) 19. dxe7 Qe8 20. exf8=Q+ Bxf8 21. O-O h5 22. Be5 Bxf3 23. gxf3 Qc8 24. Qa4 Qd7 25. Qc4+ Kh7 26. Rfe1 Rb6 27. Rab1 Rb5 28. Rxb5 cxb5 29. Qb3 Qc6 30. Qf7+ {[%mdl 64] [#] Double Attack. White mates.} Kh6 31. Qxf8+ Kh7 32. Qg7# {Accuracy: White = 72%, Black = 22%.} 1-0